| 000 | 00521nam a2200181Ia 4500 | ||
|---|---|---|---|
| 999 |
_c29475 _d29475 |
||
| 003 | OSt | ||
| 005 | 20201228143947.0 | ||
| 008 | 190216s9999||||xx |||||||||||||| ||und|| | ||
| 020 | _a9788190627955 | ||
| 040 | _coclc | ||
| 082 |
_a894.8128 _bAJI/M |
||
| 100 |
_aAjithkumar, N _97472 |
||
| 245 | 0 |
_aMalayaliyude Nadodi Vazhakkangal / _cN Ajith kimar |
|
| 260 |
_bPriyatha books, _aCalicutt: _c2008. |
||
| 300 | _a224p | ||
| 650 | _aKavithkal | ||
| 942 |
_cBK _2ddc _h894.8128 _iAJI/M _k894.8128 _mAJI/M |
||